Quản trị dự án đầu tư và quản trị tài chính doanh nghiệp có vốn đầu tư nước ngoài

Sách gồm 8 chương, chia làm 2 phần: Phần quản trị dự án đầu tư nước ngoài và quản trị tài chính các doanh nghiệp có vốn đầu tư nước ngoài.

保存先:
書誌詳細
第一著者: Đinh, Trọng Thịnh
フォーマット: 図書
言語:Undetermined
出版事項: Hà Nội Tài chính 2006
主題:
タグ: タグ追加
タグなし, このレコードへの初めてのタグを付けませんか!
Thư viện lưu trữ: Trung tâm Học liệu Trường Đại học Cần Thơ
LEADER 00921nam a2200217Ia 4500
001 CTU_110345
008 210402s9999 xx 000 0 und d
020 |c 60000 
082 |a 658.1554 
082 |b Th312 
100 |a Đinh, Trọng Thịnh 
245 0 |a Quản trị dự án đầu tư và quản trị tài chính doanh nghiệp có vốn đầu tư nước ngoài 
245 0 |c Đinh Trọng Thịnh, Phan Duy Minh 
260 |a Hà Nội 
260 |b Tài chính 
260 |c 2006 
520 |a Sách gồm 8 chương, chia làm 2 phần: Phần quản trị dự án đầu tư nước ngoài và quản trị tài chính các doanh nghiệp có vốn đầu tư nước ngoài. 
650 |a Business enterprises,Managerial economics 
650 |x Finance 
904 |i Tuyến 
980 |a Trung tâm Học liệu Trường Đại học Cần Thơ